Estudio de ingeniería industrial en el subsistema "Procesar y distribuir alimentos" en el Hospital Nacional de Niños
Guardado en:
| Autor Corporativo: | |
|---|---|
| Formato: | Libro |
| Lenguaje: | Spanish |
| Publicado: |
San José, Costa Rica : Universidad de Costa Rica, Facultad de Ingeniería, Escuela de Ingeniería Industrial
1974
|
| Materias: | |
| Etiquetas: |
Agregar Etiqueta
Sin Etiquetas, Sea el primero en etiquetar este registro!
|
MARC
| LEADER | 00000nam a2200000Ia 4500 | ||
|---|---|---|---|
| 003 | L000596 | ||
| 005 | 20221231143953.0 | ||
| 008 | 140114s1974 cr a 000 ||spa d | ||
| 040 | |c cru CEDI | ||
| 082 | |a 362.11 U58ep | ||
| 110 | |9 20585 |a Universidad de Costa Rica. Facultad de Ingeniería. Escuela de Ingeniería Industrial | ||
| 245 | |a Estudio de ingeniería industrial en el subsistema "Procesar y distribuir alimentos" en el Hospital Nacional de Niños | ||
| 246 | |a Estudios de ingeniería industrial en sistemas hospitalarios | ||
| 260 | |a San José, Costa Rica : Universidad de Costa Rica, Facultad de Ingeniería, Escuela de Ingeniería Industrial |c 1974 | ||
| 300 | |a 76 páginas : ilustraciones. | ||
| 650 | |x HOSPITALES |x INGENIERÍA INDUSTRIAL |9 20586 | ||
| 942 | |2 ddc |c BK | ||
| 999 | |c 14993 |d 14993 | ||
